Datez les Événements - Statistiques

Statistiques générales
  • Ce quiz a été pris 48 fois
  • Le résultat moyen est 30 sur 60
Statistiques - réponses
Événément Date % Correct
Expédition de Christophe Colomb en Amérique inconnue 1492
91%
Capitulation Allemande durant la Seconde Guerre Mondiale 1945
89%
Chute du Mur de Berlin 1989
89%
Attentat contre Charlie Hebdo 2015
84%
1ère Coupe du Monde remportée par la France 1998
82%
Mort de Michael Jackson 2009
82%
Bataille de Marignan 1515
80%
Bataille de Verdun 1916
80%
Début de La Seconde Guerre Mondiale 1939
80%
L'Homme marche sur la Lune 1969
80%
Droit de vote des femmes en France 1944
75%
Traité de Versailles 1919
73%
Élection à la Présidence de Barack Obama 2009
73%
Les Britanniques votent le "Brexit" 2016
73%
Mort de Louis XVI 1793
70%
Grandes manifestations françaises du moi de Mai 1968
68%
Début de la Guerre d'Algérie 1954
66%
Traité de Maastricht 1992
66%
Sacre de Charlemagne 800
66%
Grande crise économique États-Unienne 1929
64%
Abolition de la peine de mort en France 1981
64%
Mort de Kobe Bryant 2020
64%
Crise de Cuba 1962
61%
Première Coupe du Monde de Football 1930
59%
Catasrtophe de Tchernobyl 1986
59%
Accidents nucléaires à Fukushima 2011
59%
Traité de Rome (CEE) 1957
57%
Élection de Charles de Gaulle en tant que Président 1959
57%
Loi sur l'IVG de Simone Veil 1975
57%
Bataille d'Austerlitz 1805
52%
Création du groupe "The Beatles" 1957
52%
Victoire de Yannick Noah à Roland-Garros 1983
52%
1er Star Wars sorti au cinéma 1977
50%
Mort de Nelson Mandela 2013
50%
Déclaration d'Indépendance des États-Unis 1776
48%
Chute de l'Empire Romain 476
48%
Naissance de Michael Jordan 1963
43%
Siège d'Alésia -52
43%
1ers Jeux Olympiques Modernes 1896
39%
Abolition de l'esclavage en France 1848
36%
Mort d'Albert Einstein 1955
36%
Mort de La Reine Victoria 1901
34%
Naissance de Johnny Hallyday 1943
34%
1er homme à grimper l'Everest 1953
34%
1er Homme à descendre la Fosse des Mariannes 1960
32%
Édit de Nantes 1598
30%
Légalisation du mariage homosexuel aux Pays Bas (1er Pays) 2001
30%
Début de la Guerre de 100 ans 1337
25%
Léonard de Vinci peint La Joconde 1503
25%
Fabrication de la 1ère 2CV 1949
25%
Fondation de Rome -753
23%
1ère Croisade 1096
20%
Droit de vote des femmes en Nouvelle Zélande (1er Pays) 1893
20%
Massacre de la nuit de la Saint Barthélémy 1572
18%
Clovis devient Roi de tous les Francs 481
14%
1ère Publication de "L'Encyclopédie" 1751
11%
Publication de "L'Origine des espèces" de Charles Darwin 1859
7%
Naissance d'Alexandre Le Grand -356
7%
Naissance de Galillée 1564
5%
Construction de la Pyramide de Kheops ( Alentours) -2560
2%
Aucun quiz correspondant
Distribution des résultats
% des personnes avec chaque résultat
Percentile par nombre de réponses
Votre historique - résultats
Vous n’avez pas pris ce quiz